movies with surnames in the title - Statistics

General Stats
  • This quiz has been taken 98 times
  • The average score is 9 of 15
Answer Stats
title starring year surname % Correct
Saving Private ____ Tom Hanks 1998 Ryan
100%
________ of Arabia Peter O'Toole 1962 Lawrence
94%
_________'s List Liam Neeson 1993 Schindler
94%
Citizen ____ Orson Welles 1941 Kane
93%
The Talented Mr ______ Matt Damon 1999 Ripley
71%
The Thomas _____ Affair Steve McQueen 1968 Crown
69%
Dr. ___________ or: How I Learned to Stop Worrying and Love the Bomb Peter Sellers 1964 Strangelove
65%
Forgetting Sarah ________ Kristen Bell 2008 Marshall
60%
Young ____________ Gene Wilder 1974 Frankenstein
57%
Mr _____ Goes to Washington James Stewart 1939 Smith
56%
Doctor ______ Julie Christie 1965 Zhivago
55%
The Royal _________s Owen Wilson 2001 Tenenbaum
51%
The Cabinet of Dr. ________ Conrad Veidt 1920 Caligari
30%
___ Cate Blanchett 2022 Tár
21%
The Death of ______ Steve Buscemi 2017 Stalin
17%
No matching quizzes found
Score Distribution
Percent of People with Each Score
Percentile by Number Answered
Your Score History
You have not taken this quiz